000 00756nam a2200265Ia 4500
003 OSt
005 20221006153710.0
006 a|||||r|||| 00| 0
007 ta
008 221006b |||||||| |||| 00| 0 eng d
020 _a9780791450178
024 _a33,081
037 _bGift, Japan Foundation
_cAnnuals, Advances
040 _aEASL
_cEASL
_beng
041 _2eng
_aeng
082 _aR4.42, P1
100 _aCarter Robert E. Au.
_9665001
245 0 _aEncounter with enlightenment
260 _aNewYork
_bUniversity of NewYork press
_c2001
300 _axxx,258p.
_ccm.
490 _v JEL
650 _aJEL
942 _hR4.42, P1
_cREF
_2CC
999 _c1101167
_d1101167